Duck & Goose find a pumpkin / [Board Book] by Tad ... Read More
Available copies
- 1 of 2 copies available at LARL/NWRL Consortium.
- 1 of 2 copies available at Northwest Regional Library. (Show preferred library)
Current holds
0 current holds with 2 total copies.
Show Only Available Copies
| Location | Call Number / Copy Notes | Barcode | Shelving Location | Status | Due Date |
|---|---|---|---|---|---|
| Godel Memorial-Warren Library | e HIL (BOARD BOOK) (Text) | 35500005213762 | Main | Available | - |
| Roseau Public Library | e HIL (BOARD BOOK) (Text) | 35500006833873 | Main | Checked out | 07/16/2026 |
Record details
- ISBN: 9780375858130
- ISBN: 037585813X
- Physical Description: 1 v. (unpaged) : col. ill. ; 17 cm.
- Edition: 1st ed.
- Publisher: New York : Schwartz & Wade Books, c2009.
Content descriptions
| General Note: | On board pages. |
| Summary, etc.: | When they see their friend Thistle carrying a ... Read More |
Search for related items by subject
| Subject: | Pumpkin > Fiction. |
| Genre: | Board books. |
| LDR | 01140cam a2200301Ia 4500 | ||
|---|---|---|---|
| 001 | 109041 | ||
| 003 | LARL_NWRL_CONSORTIUM | ||
| 005 | 20090915104807.0 | ||
| 008 | 090316s2009 nyua a 000 0 eng d | ||
| 020 | . | ‡a9780375858130 | |
| 020 | . | ‡a037585813X | |
| 035 | . | ‡a(OCoLC)316030400 | |
| 040 | . | ‡aBTCTA ‡cBTCTA ‡dRGP ‡dGK5 ‡dUPZ | |
| 100 | 1 | . | ‡aHills, Tad. ‡0(LARL_NWRL_CONSORTIUM)124882 |
| 245 | 1 | 0. | ‡aDuck & Goose find a pumpkin / ‡h[Board Book] ‡cby Tad Hills. |
| 246 | 3 | . | ‡aDuck and Goose find a pumpkin |
| 246 | 3 | . | ‡aFind a pumpkin |
| 250 | . | ‡a1st ed. | |
| 260 | . | ‡aNew York : ‡bSchwartz & Wade Books, ‡cc2009. | |
| 300 | . | ‡a1 v. (unpaged) : ‡bcol. ill. ; ‡c17 cm. | |
| 500 | . | ‡aOn board pages. | |
| 520 | . | ‡aWhen they see their friend Thistle carrying a pumpkin, Duck and Goose each want one but they are having no luck finding any pumpkins until Thistle steers them in the right direction. | |
| 650 | 1. | ‡aPumpkin ‡vFiction. | |
| 655 | 0. | ‡aBoard books. | |
| 901 | . | ‡a109041 ‡bOCLC ‡c109041 ‡tbiblio | |

Add to basket
Permalink
Disable Highlighting